| 000 | 00639nam a22002417a 4500 | ||
|---|---|---|---|
| 003 | UA-OsUOA | ||
| 001 | 39592 | ||
| 007 | ta | ||
| 008 | 20060622b un ||||| |||| 00| 0 ukr d | ||
| 100 | _aПейчев | ||
| 700 | _aБожидар | ||
| 090 |
_a140(091) _bП24 |
||
| 942 | _cBK | ||
| 040 |
_aUA-OsUOA _brus _cUA-OsUOA _dUA-OsUOA |
||
| 245 | _aФилософский трактат о Симеоновом Сборнике | ||
| 300 | _a152 с. | ||
| 955 | _a1 | ||
| 041 | _arus | ||
| 080 | _a140(091) | ||
| 260 |
_aК. _bНаукова думка _c1983 |
||
| 650 | 7 |
_a1 Філософські науки _2UDC |
|
| 999 |
_c325733 _d325733 |
||